000 00836nas a2200253 4500
001 BR2013001404
003 BR-BrBNA
005 20231205121953.0
007 ta
008 230509b bl.|||p| |||| 00| 00por d
040 _aBR-BrBNA
_bpor
_cBiblioteca Nacional de Agricultura
041 _a(En)
072 _aM12
100 1 _aBicudo, A.J.A.
100 1 _aSado, R.Y.
100 1 _aCyrino, J.E.P.
245 1 _aGrowth body composition and hematology of juvenile pacu (Piaractus mesopotamicus)fed increasing levels of ractopamine
650 _aPACU
650 _aPEIXE DE ÁGUA DOCE
650 _aPISCICULTURA
773 0 _tArquivo Brasileiro de Medicina Veterinária e Zootecnia (Brazil)
_xISSN 0102-0935
_g(Oct 2012), v. 64(5) p. 1335-1342
_wBR2013001404
909 _a202311
_bLúcia
_c55
_dLúcia Elande
942 _2AGRIS
_n0
_cANA
999 _c226209
_d226209